Datum a čas kvízu
23
Celkem bodů
Celkový počet nahraných bodů na tomto kvízu bez doplňovacích otázek.
13.
Pořadí na kvízu
Konečné umístění týmu na tomto kvízu.
Zaznamenané odpovědi
| # | Otázka | Odpověď | Body | Výsledky |
|---|---|---|---|---|
| 1. | Vozidla taxislužeb již zřejmě... | taxametrem | 1 | |
| 2. | Jak se nazývá země, která v re... | Pákistán | 1 | |
| 3. | Jistá služba internetového úlo... | Ulož.to | 1 | |
| 4. | Irský oděvní řetězec, populárn... | Primark | 1 | |
| 5. | Rychlobruslařka Martina Sáblík... | v Calgary | 0 | |
| 6. | Praha, Plzeň, Pardubice, Příbr... | Prachatice | 1 | |
| 7. | Francium, rubidium, cesium, dr... | lithium (Li) | 0 | |
| 8. | Schillerová, Babiš, Kalousek,... | Jan Fischer | 0 | |
| 9. | Bohdalová, Kubišová, Rettigová... | Milada Horáková | 0 | |
| 10. | Komedie omylů, Zkrocení zlé že... | Veselé paničky windsorské | 1 |